5HLuxD.jpg

KING HENRY VIII SENIOR AND PRIMARY SCHOOL LIBRARY OPAC

Immigrants : (Record no. 232)

000 -LEADER
fixed length control field 00785nam a2200253 a 4500
001 - CONTROL NUMBER
control field vtls000559122
003 - CONTROL NUMBER IDENTIFIER
control field PNM
005 - DATE AND TIME OF LATEST TRANSACTION
control field 20190802085013.0
008 - FIXED-LENGTH DATA ELEMENTS--GENERAL INFORMATION
fixed length control field 090225s2009 enk e 001 0 eng d
020 ## - INTERNATIONAL STANDARD BOOK NUMBER
International Standard Book Number 9780349119748 (pbk.) :
039 #9 - LEVEL OF BIBLIOGRAPHIC CONTROL AND CODING DETAIL [OBSOLETE]
Level of rules in bibliographic description 200903041534
Level of effort used to assign nonsubject heading access points jalil
Level of effort used to assign subject headings 200903031636
Level of effort used to assign classification marsila
040 ## - CATALOGING SOURCE
Original cataloging agency PNM
Transcribing agency PNM
082 04 - DEWEY DECIMAL CLASSIFICATION NUMBER
Classification number 304.82 LEG
Edition number 22
090 20 - LOCALLY ASSIGNED LC-TYPE CALL NUMBER (OCLC); LOCAL CALL NUMBER (RLIN)
Classification number (OCLC) (R) ; Classification number, CALL (RLIN) (NR) 304.82
Local cutter number (OCLC) ; Book number/undivided call number, CALL (RLIN) LEG
100 1# - MAIN ENTRY--PERSONAL NAME
Personal name Legrain, Philippe
Relator term author
245 10 - TITLE STATEMENT
Title Immigrants :
Remainder of title your country needs them /
Statement of responsibility, etc. Philippe Legrain
260 ## - PUBLICATION, DISTRIBUTION, ETC.
Place of publication, distribution, etc. London :
Name of publisher, distributor, etc. Abacus,
Date of publication, distribution, etc. 2009
300 ## - PHYSICAL DESCRIPTION
Extent xiv, 369 p. ;
Dimensions 20cm.
504 ## - BIBLIOGRAPHY, ETC. NOTE
Bibliography, etc. note Includes bibliographical references and index
650 10 - SUBJECT ADDED ENTRY--TOPICAL TERM
Topical term or geographic name entry element Emigration and immigration
General subdivision Economic aspects
650 20 - SUBJECT ADDED ENTRY--TOPICAL TERM
Topical term or geographic name entry element Emigration and immigration
General subdivision Social aspects
942 ## - ADDED ENTRY ELEMENTS (KOHA)
Source of classification or shelving scheme
Koha item type Books - Non Ficton
949 ## - LOCAL PROCESSING INFORMATION (OCLC)
6 1001032458
Holdings
Withdrawn status Lost status Source of classification or shelving scheme Damaged status Not for loan Collection code Permanent Location Current Location Shelving location Date acquired Full call number Barcode Date last seen Price effective from Koha item type
          Non-Fiction KH8 Senior School Library KH8 Senior School Library Non Fiction 2019-08-02 304.82 LEG 3KHSL000100173 2019-08-02 2019-08-02 Books - Non Ficton

Powered By KH8 IT Dept